Primary processes in photobiology : proceedings of the 12th Taniguchi Symposium, Fujiyoshida, Yamanashi Prefecture, Japan, December 7-12, 1986 /

Bibliographic Details
Corporate Author: Taniguchi Symposium Fuji-Yoshida-shi, Japan
Other Authors: Kobayashi, T. (Takayoshi)
Format: Conference Proceeding Book
Language:English
Published: Berlin ; New York : Springer-Verlag, 1987.
Series:Springer proceedings in physics ; 20.
Subjects:

MARC

Tag First Indicator Second Indicator Subfields
LEADER 00000cam a2200000 a 4500
001 in00000012871
005 20151007052255.0
008 871020s1987 wb acd b 10110 eng d
020 |a 3540180680 (Berlin) 
020 |a 0387180680 (New York) 
035 |a (OCoLC)16879206 
035 |9 AAA7068AM 
040 |a TXA  |c TXA  |d CIN  |d TXA  |d UtOrBLW 
049 |a TXAM  |c [A10986166] 
050 4 |a QH515  |b .T36 1986 
111 2 |a Taniguchi Symposium  |d (1986 :  |c Fuji-Yoshida-shi, Japan) 
245 1 0 |a Primary processes in photobiology :  |b proceedings of the 12th Taniguchi Symposium, Fujiyoshida, Yamanashi Prefecture, Japan, December 7-12, 1986 /  |c editor: T. Kobayashi. 
264 1 |a Berlin ;  |a New York :  |b Springer-Verlag,  |c 1987. 
300 |a xi, 243 pages :  |b illustrations, charts, portraits ;  |c 25 cm. 
336 |a text  |b txt  |2 rdacontent 
337 |a unmediated  |b n  |2 rdamedia 
338 |a volume  |b nc  |2 rdacarrier 
490 1 |a Springer proceedings in physics ;  |v 20 
500 |a "The 12th Taniguchi International Symposium, Biophysics Division, was held in the Jinzai-Kaihatsu Center at Fujiyoshida in the Yamanashi Prefecture, 7-12 December, 1986"--Pref. 
504 |a Includes bibliographical references and index. 
650 0 |a Photobiology  |v Congresses. 
700 1 |a Kobayashi, T.  |q (Takayoshi) 
830 0 |a Springer proceedings in physics ;  |v 20. 
999 |a MARS 
999 f f |s fe50c7b4-0340-32ff-af54-6a639990e836  |i 73aeb968-c417-39df-9e0a-4242dcb6aa70  |t 0 
952 f f |p ric  |a Texas A&M University  |b Rellis Campus  |c Joint Library Facility  |d Remote Storage  |t 0  |e QH515 .T36 1986  |h Library of Congress classification  |i unmediated -- volume  |m A14810986166 
998 f f |a QH515 .T36 1986  |t 0  |l Remote Storage